000 00998nam a2200289 i 4500
003 EG-GICUC
005 20260124133231.0
008 260124s1980 fr ||||fr ||| 00| 0 fre d
040 _aEG-GICUC
_cEG-GICUC
_dEG-GICUC
_erda
_bfre
041 0 _afre
082 0 4 _221
_a341.3
_bMI . E
092 0 4 _221
099 _aLaw1 11 341.3 MI . E 1980
110 _aRépublique arabe d’Égypte
_bMinistère des Affaires étrangères
_eAuteur
245 _aL'Égypte Et La Palestine 1945-1980 :
_bRapport De Synthese /
_cMinistère des Affaires étrangères .
264 0 _aParis :
_bOrganisme DeL'Information De L'Etat ,
_c1980 .
300 _a62 Pages ;
_c30 cm.
336 _atext
_2rda content
337 _aComputer
_2rda media
338 _aOnline Resource
_2rda carrier
546 _aTexte en français
650 0 4 _aDroit international privé
650 0 4 _aRelations internationales
856 _uhttps://fll.law.cu.edu.eg/fulltext/th/B11-06524.pdf
905 _a59
942 _2ddc
_cBK
_e21
_n0
999 _c58872
_d58872